Statistiques concernant LoL Teams won Worlds

Cliquez ici pour prendre le quiz!

Statistiques générales

  • Ce quiz a été pris 241 fois
  • Le résultat moyen est 10 sur 13

Statistiques - réponses

anLieu de résidenceWinner% Correct
2023SeoulT1
98%
2016San FranciscoSK Telecom T1
91%
2015ParisSK Telecom T1
91%
2013Los AngelesSK Telecom T1
91%
2011JönköpingFnatic
88%
2022San FranciscoDRX
83%
2019BerlinFunPlus Phoenix
68%
2021ReykjavikEDward Gaming
67%
2017WuhanSamsung Galaxy
66%
2012Los AngelesTaipei Assassins
58%
2018SeoulInvictus Gaming
57%
2014TaipeiSamsung White
54%
2020ShanghaiDAMWON Gaming
47%

Distribution des résultats

Percentile par nombre de réponses

% des personnes avec chaque résultat

Votre développement - résultats

Vous n’avez pas pris ce quiz